Trnava

Zobrazenie: Okrasný parčík v popredí. V pozadí ulica vedúca k Mestskej veži.

Bibliographic Details
Other Authors: Holúbek, Štefan (fotograf) (Photographer)
Format: Photo
Language:Slovak
PhysicalDescription:1 pohľadnica farebná 11 x 15 cm
Published: [Bratislava] VPL [1968?]
Subjects:

MARC

LEADER 00000nkm a2200000 a 4500
001 vtls011765976
003 SK-MaSNL
005 20260331211228.0
007 kf co
008 230718q1968 xo g kuslo
015 |a SNBG1968 
035 |a urn:nbn:sk:snk-km00dnu6 
035 |a urn:nbn:sk:snk-km3lzfk 
035 |a 0BEACB75-136D-4178-B970-1B7F6AF46F49 
040 |a SNK  |b slo  |c SNK  |e AACR2 
041 0 |a slo 
043 |a e-xo--- 
044 |a xo  |c SK 
072 7 |a 913  |x Regionálna geografia  |2 konspekt 
080 |a 913(437.6)  |2 2011 
080 |a (084.121)  |2 2011 
080 |a 725/726.012.28  |2 2011 
100 1 |a Holúbek, Štefan  |c (fotograf)  |4 pht  |9 61229 
245 1 0 |a Trnava  |h grafika  |c foto Štefan Holúbek 
260 |a [Bratislava]  |b VPL  |c [1968?] 
300 |a 1 pohľadnica  |b farebná  |c 11 x 15 cm 
520 8 |a Zobrazenie: Okrasný parčík v popredí. V pozadí ulica vedúca k Mestskej veži. 
650 0 7 |a Mestská veža (Trnava, Slovensko)  |2 SNKPH  |9 173573 
650 0 7 |a veže  |2 SNKPH  |9 30797 
651 7 |a Trnava (Slovensko)  |2 SNKPHgeo  |9 19407 
655 7 |a miestne pohľadnice  |2 SNKPH  |9 70510 
852 |a Slovenská národná knižnica 
954 |a pohľadnice pôvodné (slovenské)  |2 lita 
958 |a GBN 
958 |a GC 
958 |a OND 
958 |a EUIPO 
999 |c 856808  |d 858738 
952 |a SNK  |b SNK  |y PREZ  |7 0  |p 17A1243316  |o snkSP 97742  |0 0  |1 0  |4 0  |d 2018-07-16  |f 1  |l 0  |r 2026-02-24 05:00:06  |w 2026-02-24